000 00377pab a2200133 454500
008 180718b1999 xxu||||| |||| 00| 0 eng d
100 _aRahman, Mir Obaidur
245 _aSketch of an economy: an analogy and management issue
260 _c1999
300 _ap.139-53.
650 _aEconomic structure
773 _aBangladesh Journal of Public Administration
909 _a52956
999 _c52956
_d52956